Spaces II : Offices, Restaurants, Commercial Spaces
| Main Author: | |
|---|---|
| Other Authors: | |
| Format: | Book |
| Published: |
Mexico :
Arquitectors Mexicanos Editor ,
2000
|
| Subjects: |
MARC
| LEADER | 00000cam a2200000 7i4500 | ||
|---|---|---|---|
| 001 | 0000012988 | ||
| 005 | 20050419.0 | ||
| 020 | |a 9685336024 | ||
| 040 | |a INS | ||
| 090 | 0 | 0 | |a NA7244. |b D44 2000 |
| 100 | 1 | |a DeHaro, Fernando | |
| 245 | 1 | 0 | |a Spaces II : |b Offices, Restaurants, Commercial Spaces |c Fernando DeHaro |
| 260 | |a Mexico : |b Arquitectors Mexicanos Editor , |c 2000 | ||
| 300 | |a 201p : |b 29cm | ||
| 650 | 0 | 0 | |a Architecture-Mexico |
| 700 | 1 | 2 | |a Omar Fuentes |
| 999 | |a 0000012191 |b BOOK |c Open Shelf |e Default branch | ||